Photo Quiz: Musicians Named Tom - Statistics

General Stats
  • This quiz has been taken 89 times
  • The average score is 5 of 16
Answer Stats
Picture Hint Answer % Correct
UK 60's Pop Tom Jones
89%
US Rock 70's/80's Tom Petty
76%
UK Alt-Rock 90's/00's Thom Yorke
63%
US Rock 1980's Tommy Lee
59%
US Rock/Blues/Jazz 70's/80's Tom Waits
41%
US Big Band Leader 1920's-1940's Tommy Dorsey
32%
UK Rock'n'Roll 50's/60's Tommy Steele
24%
UK Late 70's/80's Tom Robinson
22%
US Humourist 50's/60's Tom Lehrer
20%
UK Pop 1980's Tom Bailey
13%
US Folk 1960's onwards Tom Paxton
13%
UK Indie Rock 2000's Tom Smith
13%
US Late 70''s Tom Verlaine
13%
US 60's Pop Tommy James
12%
US Jazz 1920's/30's/40's (Stage name) Thomas 'Fats' Waller
11%
UK Indie 80's/90's Tom Hingley
3%
No matching quizzes found
Score Distribution
Percent of People with Each Score
Percentile by Number Answered
Your Score History
You have not taken this quiz